[Event "Challenge"]
[Site "http://www.queenalice.com/game.php?id=1301159"]
[Date "2014.8.12"]
[Round "-"]
[White "gabrielsibo"]
[Black "Rubenscb"]
[Result "1-0"]
[WhiteElo "1291"]
[BlackElo "1701"]

1. e4 e5 2. Nf3 Nc6 3. Nc3 Nf6 4. Bc4 Bc5 5. O-O O-O 6. d3 d6 7. Bg5 Nd4 8. Nxd4
Bxd4 9. Qf3 Bxc3 10. bxc3 c6 11. d4 Be6 12. d5 cxd5 13. exd5 Bg4 14. Qg3 h6 15.
Bxf6 Qxf6 16. Qxg4 Qf4 17. Qxf4 exf4 18. Bb3 b5 19. Rae1 a5 20. a4 bxa4 21. Bxa4
Rab8 22. Rb1 Rbc8 23. Rb3 Rc4 24. Bb5 Rc5 25. c4 Ra8 26. g3 a4 27. Ra3 fxg3 28.
hxg3 f5 29. Rxa4 Rxa4 30. Bxa4 Rxc4 31. Bb3 Rd4 32. Re1 Re4 33. Rxe4 fxe4 34.
Kf1 Kf7 35. Ke2 Kf6 36. c4 Ke5 37. Ke3 g5 38. Bc2 h5 39. Bxe4 h4 40. f4+ gxf4+
41. gxf4+ Kf6 42. Bh1 h3 43. Kf3 Kf5 44. Kg3 h2 45. Kf3 Kf6 46. Kg4 Kg6 47. f5+
Kf6 48. Kf4 Kg7 49. Kg5 Kf7 50. f6 Kf8 51. Kg6 Kg8 52. f7+ Kf8 53. Bg2 Ke7 54.
Kg7 h1=Q 55. f8=Q+ Kd7 56. Bxh1 Kc7 57. c5 dxc5 58. Qxc5+ Kd7 59. Kf6 Kd8 60.
Qa7 Kc8 61. Ke6 1-0

[Event "Challenge"]
[Site "http://www.queenalice.com/game.php?id=1301161"]
[Date "2014.8.12"]
[Round "-"]
[White "bjonil60"]
[Black "gabrielsibo"]
[Result "0-1"]
[WhiteElo "1183"]
[BlackElo "1178"]

1. Nf3 Nc6 2. e3 e5 3. h3 Nf6 4. Nc3 d6 5. b3 g6 6. d3 Bg7 7. e4 O-O 8. a3 d5 9.
Qe2 dxe4 10. dxe4 Re8 11. g4 Nd4 12. Qe3 Nxc2+ 13. Ke2 Nxe3 14. Kxe3 b6 15. Bb5
Bd7 16. Ba6 Bc6 17. Rd1 Qe7 18. a4 Qc5+ 19. Ke2 Qxc3 20. Rb1 Bxe4 21. Nd2 Bxb1
22. Nxb1 Qxb3 23. Bb7 Rad8 24. Re1 Qd3# 0-1

[Event "Challenge"]
[Site "http://www.queenalice.com/game.php?id=1303185"]
[Date "2014.8.21"]
[Round "-"]
[White "peaceman"]
[Black "gabrielsibo"]
[Result "0-1"]
[WhiteElo "1252"]
[BlackElo "1228"]

1. e4 e5 2. f3 Nc6 3. Nc3 Bc5 4. a3 Nf6 5. d3 O-O 6. Qe2 Bxg1 7. Rxg1 d5 8. h3
b6 9. Nb5 Ba6 10. Nc3 Nd4 11. Qd2 dxe4 12. b4 exf3 13. g4 Re8 14. Qf2 e4 15. Qe3
exd3 16. Qxe8+ Qxe8+ 17. Kf2 Ne4+ 18. Nxe4 Qxe4 19. cxd3 Bxd3 20. Bxd3 Qxd3 21.
Be3 Qe2+ 22. Kg3 Qxe3 23. Rgf1 g6 24. Rae1 Ne2+ 25. Rxe2 Qxe2 26. Rxf3 Re8 27.
a4 Re3 28. Rxe3 Qxe3+ 29. Kg2 Qb3 30. b5 Qxa4 31. Kg3 Qxb5 32. Kh4 a5 33. g5 a4
34. Kg4 a3 35. Kh4 a2 36. Kg4 a1=Q 37. Kg3 Qb4 38. h4 Qaa3+ 39. Kg2 Qbb2+ 40.
Kf1 Qaa1# 0-1

[Event "Challenge"]
[Site "http://www.queenalice.com/game.php?id=1305111"]
[Date "2014.8.30"]
[Round "-"]
[White "Rogerio11"]
[Black "gabrielsibo"]
[Result "0-1"]
[WhiteElo "1283"]
[BlackElo "1209"]

1. e4 e5 2. Bc4 Nc6 3. Qf3 Nf6 4. g4 Nd4 5. Qd1 Nxe4 6. c3 Nc6 7. Qf3 Ng5 8. Qf5
d5 9. Qd3 dxc4 10. Qxc4 g6 11. Qb5 Bg7 12. d4 exd4 13. Bxg5 Bf6 14. Nf3 dxc3 15.
bxc3 O-O 16. Bh6 Re8+ 17. Kf1 Bxg4 18. Nd4 Nxd4 19. Qb2 Bh3+ 20. Kg1 Nf3# 0-1

[Event "Challenge"]
[Site "http://www.queenalice.com/game.php?id=1307255"]
[Date "2014.9.9"]
[Round "-"]
[White "Rogerio11"]
[Black "gabrielsibo"]
[Result "0-1"]
[WhiteElo "1277"]
[BlackElo "1275"]

1. e4 e5 2. Bc4 Nc6 3. Qf3 Qf6 4. Nc3 d6 5. Nd5 Qd8 6. Ne3 Nf6 7. Nd5 Nd4 8. Qd1
Be6 9. c3 Nc6 10. Nxf6+ Qxf6 11. Nf3 Bg4 12. h3 Bxf3 13. gxf3 O-O-O 14. b4 g6
15. b5 Na5 16. Qa4 Qxf3 17. Rh2 Qxe4+ 18. Kf1 Qxc4+ 19. Qxc4 Nxc4 20. f3 Bg7 21.
Rg2 Rhe8 22. d3 Nb6 23. d4 exd4 24. cxd4 Bxd4 25. Rb1 Be3 26. Re2 Bxc1 27. Rxc1
Rxe2 28. Kxe2 Re8+ 29. Kf2 Nd5 30. a4 Nf4 31. Rc4 Nxh3+ 32. Kg3 Ng1 33. a5 Re5
34. b6 axb6 35. axb6 Rc5 36. Ra4 cxb6 37. Kg2 Ne2 38. Ra8+ Kc7 39. Kf2 Nd4 40.
f4 b5 41. Rh8 b4 42. Rxh7 b3 43. Rxf7+ Kb6 0-1

[Event "Challenge"]
[Site "http://www.queenalice.com/game.php?id=1308280"]
[Date "2014.9.15"]
[Round "-"]
[White "nereu"]
[Black "gabrielsibo"]
[Result "0-1"]
[WhiteElo "1710"]
[BlackElo "1245"]

1. e4 e5 2. Nf3 Nc6 3. Bb5 Nf6 4. Nc3 Bd6 5. O-O O-O 6. b3 Nd4 7. Bc4 b6 8. Bb2
Bb7 9. Re1 Re8 10. Bd3 Nxf3+ 11. gxf3 Bb4 12. Bf1 Bxc3 13. Bxc3 d5 14. Bb5 Re7
15. Bb4 c5 16. Ba3 dxe4 17. fxe4 Nxe4 18. Bc4 Qd4 19. Re2 Bc8 20. Bd3 Bf5 21.
Bxe4 Bxe4 22. c3 Qd5 23. Bb2 Bf3 24. c4 Bxe2 25. cxd5 Bxd1 26. Rxd1 Rd8 27. Re1
Rxd5 28. Bc1 g6 29. Re3 a5 30. d3 b5 31. a4 bxa4 32. bxa4 Rd4 33. Bb2 Rxa4 34.
f4 Rxf4 35. Bxe5 Rf5 0-1

[Event "Challenge"]
[Site "http://www.queenalice.com/game.php?id=1308281"]
[Date "2014.9.15"]
[Round "-"]
[White "gabrielsibo"]
[Black "nereu"]
[Result "1/2-1/2"]
[WhiteElo "1321"]
[BlackElo "1667"]

1. e4 c5 2. Nf3 d5 3. exd5 Qxd5 4. Nc3 Qe6+ 5. Qe2 Qxe2+ 6. Bxe2 Nc6 7. Bb5 Bd7
8. Bxc6 Bxc6 9. O-O e6 10. d3 Nf6 11. Bf4 Bxf3 12. gxf3 Be7 13. Nb5 O-O 14. Bg5
Nd5 15. c4 Bxg5 16. cxd5 exd5 17. Rfe1 Rfd8 18. Re5 Bf4 19. Re7 a6 20. Nc7 Rac8
21. Nxd5 Rxd5 22. Rd1 Rh5 23. Rxb7 Rxh2 24. Rf1 g6 25. Ra7 Rc6 26. Re1 Kg7 27.
Rae7 Rf6 28. R1e4 Bd6 29. Rd7 Rh3 30. Re3 Bh2+ 31. Kg2 Rh5 32. d4 Bf4 33. Re4
cxd4 34. Rdxd4 Rh2+ 35. Kg1 Rh4 36. a4 Bh2+ 37. Kg2 Rff4 38. Rxf4 Bxf4 39. b4
Rh2+ 40. Kg1 Rh4 41. Kf1 g5 42. b5 axb5 43. axb5 Rh6 44. Rb4 Bd6 45. Rb3 Bc5 46.
Rd3 Rh2 47. Rd2 h5 48. Kg1 Rh4 49. Rd5 Be7 50. b6 Rb4 51. Rd7 Rxb6 52. Rxe7 Rg6
53. Kg2 h4 54. Re4 f5 55. Ra4 g4 56. fxg4 fxg4 57. Kh2 Kh6 58. Ra5 Rf6 59. Kg1
h3 60. Rb5 Rg6 61. Kh2 Rf6 62. Kg3 Rf3+ 63. Kxg4 h2 64. Rb1 Rxf2 65. Kg3 Rc2 66.
Rh1 Kh5 67. Rxh2+ Rxh2 68. Kxh2 Kh4 1/2-1/2

[Event "Challenge"]
[Site "http://www.queenalice.com/game.php?id=1310281"]
[Date "2014.9.24"]
[Round "-"]
[White "gabrielsibo"]
[Black "LeroyClark"]
[Result "1-0"]
[WhiteElo "1335"]
[BlackElo "1217"]

1. e4 c5 2. Nc3 Nc6 3. Nf3 e5 4. Bc4 Be7 5. d3 d6 6. Nd5 Nf6 7. Nxe7 Qxe7 8. O-O
O-O 9. b3 Be6 10. Bxe6 Qxe6 11. Bb2 a5 12. c4 b6 13. h3 Nb4 14. a3 Nc6 15. Ng5
Qd7 16. Bc1 Nd4 17. Be3 b5 18. Bxd4 cxd4 19. Qf3 bxc4 20. bxc4 1-0

[Event "Challenge"]
[Site "http://www.queenalice.com/game.php?id=1320551"]
[Date "2014.11.5"]
[Round "-"]
[White "vieri"]
[Black "gabrielsibo"]
[Result "0-1"]
[WhiteElo "1275"]
[BlackElo "1346"]

1. g3 e5 2. Bg2 Nf6 3. d3 Bc5 4. Nf3 Nc6 5. O-O d5 6. c3 Bg4 7. h3 Bxf3 8. exf3
O-O 9. f4 exf4 10. gxf4 d4 11. c4 Bd6 12. Qa4 Qe8 13. Qb5 Rb8 14. c5 a6 15. Qc4
b5 16. Qb3 Bxc5 17. Qc2 Ba7 18. Bxc6 Qc8 19. Qe2 Qxh3 20. Qe7 Qg4+ 21. Bg2 Nd5
22. Qe5 Nb4 23. Qxc7 Ra8 24. a3 Nxd3 25. Bd2 Nxb2 26. f3 d3+ 27. Rf2 Bxf2+ 28.
Kxf2 Nd1+ 29. Kg1 Qh4 30. Qe5 Qf2+ 31. Kh2 Rae8 32. Qh5 Ne3 33. Bxe3 Rxe3 34.
Nc3 Qb2 35. Ra2 Qxc3 36. Qd5 Re2 37. Rxe2 dxe2 38. Qe4 e1=Q 39. Qxe1 Qxe1 40. f5
Qf2 41. Kh3 Rd8 42. Kh2 Rd2 43. Kh3 Qxg2+ 44. Kh4 Qg1 45. Kh3 Rh2# 0-1

[Event "Challenge"]
[Site "http://www.queenalice.com/game.php?id=1322845"]
[Date "2014.11.18"]
[Round "-"]
[White "Rubenscb"]
[Black "gabrielsibo"]
[Result "0-1"]
[WhiteElo "1684"]
[BlackElo "1372"]

1. d4 d5 2. e3 Bf5 3. Nc3 Nf6 4. Bd3 Bxd3 5. Qxd3 Nc6 6. Nf3 e6 7. b3 Bb4 8. Bd2
O-O 9. O-O Bxc3 10. Bxc3 Re8 11. Ne5 Qd6 12. f3 g6 13. a3 a6 14. b4 b5 15. Ng4
Nxg4 16. fxg4 e5 17. dxe5 Nxe5 18. Bxe5 Qxe5 19. c3 Qxe3+ 20. Qxe3 Rxe3 21. Rf3
Rxf3 22. gxf3 a5 23. Kf2 Kg7 24. Ke3 axb4 25. cxb4 Kf6 26. Kd4 Ke6 27. h4 Kd6
28. g5 Ra4 29. Kc3 c5 30. bxc5+ Kxc5 31. Kb3 Rxh4 32. Rc1+ Rc4 33. Rh1 Rf4 34.
Rxh7 Rxf3+ 35. Kb2 Kc4 36. Rh2 Rg3 37. Rf2 Rxg5 38. Rxf7 Rg2+ 39. Ka1 Kb3 40.
Rf3+ Ka4 41. Kb1 b4 42. axb4 Kxb4 43. Rd3 Kc4 44. Rd1 d4 45. Rc1+ Kd3 46. Rd1+
Kc3 47. Rc1+ Kb3 48. Rd1 Kc3 49. Rc1+ Kb3 50. Rd1 Rg3 51. Kc1 Kc3 52. Rd2 Rg1+
53. Rd1 Rxd1+ 54. Kxd1 Kd3 55. Ke1 Kc2 56. Ke2 d3+ 57. Ke1 d2+ 0-1

[Event "Challenge"]
[Site "http://www.queenalice.com/game.php?id=1325949"]
[Date "2014.12.3"]
[Round "-"]
[White "gabrielsibo"]
[Black "griso"]
[Result "0-1"]
[WhiteElo "1387"]
[BlackElo "1424"]

1. e4 e6 2. Nf3 d5 3. exd5 exd5 4. d4 Nc6 5. Nc3 Nf6 6. Bf4 Bd6 7. Bxd6 Qxd6 8.
Qe2+ Be6 9. O-O-O O-O 10. Ne5 Nb4 11. a3 c5 12. dxc5 Na2+ 13. Nxa2 Qxc5 14. Qb5
Qxb5 15. Bxb5 Ne4 16. Rhf1 Rfd8 17. f3 Nd6 18. Nc3 Nf5 19. Rfe1 d4 20. Ne4 Rd5
21. Ng5 Rxb5 22. Nxe6 fxe6 23. g4 Ne3 24. Rxd4 Rxe5 25. Kd2 Nc4+ 26. Rxc4 Rd8+
27. Kc3 Rxe1 28. Rc7 Re3+ 29. Kb4 Rd4+ 30. Rc4 a5+ 31. Kb5 Re5+ 32. Rc5 Re1 33.
Kxa5 Rb1 34. Rb5 Rd5 35. Kb6 Rxb5+ 36. Kxb5 Rxb2+ 37. Kc4 b6 38. Kc3 Rb1 39. Kd2
Ra1 40. Kc3 Rxa3+ 41. Kb4 Rxf3 42. Kb5 Rf2 43. Kxb6 Rxc2 44. Kb5 e5 0-1

[Event "Challenge"]
[Site "http://www.queenalice.com/game.php?id=1326127"]
[Date "2014.12.4"]
[Round "-"]
[White "nereu"]
[Black "gabrielsibo"]
[Result "0-1"]
[WhiteElo "1659"]
[BlackElo "1359"]

1. e4 e5 2. Nf3 d6 3. Bc4 h6 4. Nc3 Nf6 5. d4 exd4 6. Nxd4 c5 7. Nf3 Nc6 8. O-O
Bg4 9. Be3 Ne5 10. Bd5 Nxd5 11. Nxd5 Bxf3 12. gxf3 Nc4 13. b3 Nxe3 14. fxe3 Qg5+
15. Kh1 O-O-O 16. Rg1 Qh5 17. Nf4 Qe5 18. Qe2 g5 19. Nd5 Bg7 20. Rab1 f5 21.
exf5 Qxd5 22. e4 Qf7 23. c4 Bd4 24. Rg2 Be5 25. Qd2 Kb8 26. a4 Bf4 27. Qc3 b6
28. Qd3 Rhg8 29. b4 h5 30. bxc5 dxc5 31. Qc3 g4 32. fxg4 Rxg4 33. Rf1 Rxg2 34.
Kxg2 Qg8+ 35. Kh1 Rd2 36. Rg1 Rxh2# 0-1

[Event "Challenge"]
[Site "http://www.queenalice.com/game.php?id=1331008"]
[Date "2014.12.27"]
[Round "-"]
[White "gabrielsibo"]
[Black "fenix40rj"]
[Result "0-1"]
[WhiteElo "1427"]
[BlackElo "1507"]

1. e4 Nf6 2. Nc3 Nc6 3. Nf3 e5 4. Bc4 Bc5 5. h3 d5 6. Nxd5 Nxe4 7. O-O Nd4 8. d3
Ng3 9. Re1 b5 10. Rxe5+ Be7 11. Rxe7+ Qxe7 12. Nxd4 Qc5 13. Bxb5+ Kd8 14. Nc6+
Kd7 15. Nxa7+ Kd8 16. Nxc8 Rxc8 17. Bc4 Re8 18. Qf3 Ne2+ 19. Kf1 c6 20. Nf4 Nd4
21. Qg3 Nxc2 22. Be3 Qe7 23. Rc1 Nb4 24. a3 Rb8 25. axb4 Qxb4 26. Qxg7 Kd7 27.
Qxf7+ Re7 28. Qf5+ Kc7 29. Ne6+ Kb7 30. Bc5 Qxb2 31. Re1 Rd7 32. d4 Qc3 33. Rb1+
Ka8 34. Rxb8+ Kxb8 35. Ba6 Qa1+ 36. Ke2 Qxa6+ 37. Qd3 Qa2+ 38. Qd2 Qxe6+ 39. Qe3
Qa2+ 40. Qd2 Qc4+ 41. Qd3 Qe6+ 42. Qe3 Qa2+ 43. Qd2 Qg8 0-1

[Event "OS  INCLIVEIS"]
[Site "http://www.queenalice.com/game.php?id=1332099"]
[Date "2015.1.1"]
[Round "-"]
[White "adelio"]
[Black "gabrielsibo"]
[Result "1/2-1/2"]
[WhiteElo "1694"]
[BlackElo "1412"]

1. d4 d5 2. e4 dxe4 3. Nc3 Nf6 4. f3 exf3 5. Nxf3 Bg4 6. h3 Bxf3 7. Qxf3 Nc6 8.
Bb5 Qd6 9. Bf4 Qb4 10. a3 Qxb2 11. O-O O-O-O 12. Bxc6 bxc6 13. Qxc6 Qb7 14.
Qxb7+ Kxb7 15. Nb5 a6 16. Nxc7 Rxd4 17. Rab1+ Kc8 18. Nxa6 e6 19. Rb8+ Kd7 20.
Be5 Rd5 21. Rb7+ Ke8 22. Nc7+ Kd8 23. Nxd5 exd5 24. Rd1 Ke8 25. Rb8+ Kd7 26. Kh1
Ke6 27. Re1 Ne4 28. Re8+ Kd7 29. Ra8 Ke6 30. Bd4 Bb4 31. Rxe4+ dxe4 32. Rxh8
Bxa3 33. Bxg7 e3 34. Bc3 Bc1 35. Rxh7 Bd2 36. Rh6+ Kd7 37. Rh4 Bxc3 38. Re4 Bd2
39. Kh2 f5 40. Re5 Kd6 41. Re8 Kd7 42. Rxe3 Bxe3 43. g3 Ke6 44. Kg2 Kf6 45. Kf3
Bb6 46. g4 Kg6 47. h4 fxg4+ 48. Kxg4 Bc5 49. c4 Kh6 50. h5 Bb6 51. Kh4 Bc5 52.
Kg4 Bd4 53. Kh4 Bb6 54. Kg4 Bc5 55. Kh4 1/2-1/2

[Event "OS INCLIVEIS"]
[Site "http://www.queenalice.com/game.php?id=1332100"]
[Date "2015.1.1"]
[Round "-"]
[White "gabrielsibo"]
[Black "adelio"]
[Result "0-1"]
[WhiteElo "1400"]
[BlackElo "1684"]

1. e4 a6 2. Nc3 b5 3. d4 c5 4. dxc5 Nc6 5. Nf3 e5 6. b3 Be7 7. Be3 h5 8. h3 h4
9. Bd3 g5 10. O-O g4 11. hxg4 d6 12. cxd6 Bxd6 13. Nd5 Bxg4 14. Be2 Bxf3 15.
Bxf3 Nd4 16. Bxd4 exd4 17. Qxd4 Rh6 18. Qg7 Rg6 19. Qd4 h3 20. g3 Qg5 21. g4 Be5
22. Qd3 Rd8 23. Rad1 Qh4 24. Qe3 Rxg4+ 25. Bxg4 Qxg4+ 26. Qg3 Bxg3 27. fxg3
Qxg3+ 28. Kh1 Qg2# 0-1

[Event "Challenge"]
[Site "http://www.queenalice.com/game.php?id=1335689"]
[Date "2015.1.19"]
[Round "-"]
[White "gabrielsibo"]
[Black "Rubenscb"]
[Result "1/2-1/2"]
[WhiteElo "1423"]
[BlackElo "1656"]

1. e4 c5 2. Nf3 Nc6 3. d4 Nxd4 4. Nxd4 cxd4 5. Qxd4 Qb6 6. Qxb6 axb6 7. Nc3 e5
8. Be3 Bc5 9. Bxc5 bxc5 10. O-O-O Nf6 11. Bc4 O-O 12. f3 b6 13. Nd5 Nxd5 14.
Bxd5 Ra7 15. Kb1 Bb7 16. Bxb7 Rxb7 17. Rd5 f6 18. g3 Ra8 19. f4 exf4 20. gxf4 c4
21. Rhd1 Rd8 22. e5 fxe5 23. fxe5 Kf7 24. e6+ Kxe6 25. Rh5 h6 26. Rh3 d5 27. b3
cxb3 28. cxb3 Rbd7 29. Rg3 g5 30. Rf3 h5 31. Re1+ Kd6 32. Rf6+ Kc7 33. Rg6 g4
34. Rh6 d4 35. Rxh5 Rg8 36. Rd1 g3 37. hxg3 Rxg3 38. Rh2 d3 39. Kb2 b5 40. Kc3
Kb6 41. Rhd2 Kc5 42. Rxd3 Rgxd3+ 43. Rxd3 Rxd3+ 44. Kxd3 Kb4 45. Kc2 Ka3 46. Kb1
b4 47. Ka1 1/2-1/2

[Event "Challenge"]
[Site "http://www.queenalice.com/game.php?id=1338163"]
[Date "2015.1.30"]
[Round "-"]
[White "rocha"]
[Black "gabrielsibo"]
[Result "1-0"]
[WhiteElo "1717"]
[BlackElo "1432"]

1. e4 e5 2. c3 Nf6 3. f3 Bc5 4. Ne2 d5 5. Ng3 Nc6 6. Qb3 dxe4 7. Qc4 exf3 8.
Qxc5 Qd5 9. Qxd5 Nxd5 10. gxf3 O-O 11. Be2 Nf4 12. d3 Ng2+ 13. Kf1 Bh3 14. Kf2
Nf4 15. Bxf4 exf4 16. Nh5 g5 17. Rg1 f6 18. Nxf4 Bf5 19. Nd5 Rac8 20. Ne3 Bg6
21. Na3 a6 22. h3 Rcd8 23. Rad1 Ne5 24. d4 Nc6 25. Bc4+ Bf7 26. h4 h6 27. Nf5
Bxc4 28. Nxc4 b5 29. Nce3 Rfe8 30. Nxh6+ Kg7 31. Nef5+ Kg6 32. f4 Rh8 33. hxg5
fxg5 34. Rxg5+ Kf6 35. Ng4+ Kf7 36. Rg7+ Kf8 37. Rxc7 Rg8 38. Rg1 Nb8 39. Nfh6
Rh8 40. Rf7+ Ke8 41. Nf6# 1-0